000 02882nam a22004098i 4500
001 BK0016237419
003 DLC
005 20241220163453.0
008 150727s2015 nyu 000 1 eng
010 _a2015028839
020 _a9780765378552 : HRD
_c$27.99
020 _a0765378558 : HRD
_c$27.99
_z9781466862661 (ebook)
037 _bSt Martins Pr, C/O Mps 16365 James Madison Hwy Us Hwy 15, Gordonsville, VA, USA, 22942, (212)6745151
_nSAN 631-5011
040 _aDLC
_beng
_erda
_cDLC
050 0 0 _aPS3619.A533
_bS53 2015
082 0 0 _a813/.6
_223
084 _aFIC009020
_2bisacsh
092 _a813.6000
100 1 _aSanderson, Brandon.
_953001
245 1 0 _aShadows of Self /
_cBrandon Sanderson.
250 _aFirst edition.
260 _bSt Martins Pr
_c2015
263 _a1510
264 1 _aNew York :
_bTor,
_c2015.
300 _a336 p. ;
336 _atext
337 _aunmediated
338 _avolume
490 0 _aMistborn ;
_v5
500 _a"A Tom Doherty Associates book."
520 _a"The #1 New York Times bestselling author returns to the world of Mistborn with his first novel in the series since The Alloy of Law. With The Alloy of Law, Brandon Sanderson surprised readers with a New York Times bestselling spinoff of his Mistborn books, set after the action of the trilogy, in a period corresponding to late 19th-century America.The trilogy's heroes are now figures of myth and legend, even objects of religious veneration. They are succeeded by wonderful new characters, chief among themWaxillium Ladrian, known as Wax, hereditary Lord of House Ladrian but also, until recently, a lawman in the ungoverned frontier region known as the Roughs. There he worked with his eccentric but effective buddy, Wayne. They are "twinborn," meaning they are able to use both Allomantic and Feruchemical magic. Shadows of Self shows Mistborn's society evolving as technology and magic mix, the economy grows, democracy contends with corruption, and religion becomes a growing cultural force, with four faiths competing for converts. This bustling, optimistic, but still shaky society now faces its first instance of terrorism, crimes intended to stir up labor strife and religious conflict. Wax and Wayne, assisted by the lovely, brilliant Marasi, must unravel the conspiracy before civil strife stops Scadrial's progress in its tracks. Shadows of Self will give fans of The Alloy of Law everything they've been hoping for and, this being a Brandon Sanderson book, more, much more"--
_cProvided by publisher.
650 0 _aMagic
_vFiction.
_95673694
650 0 _aImaginary places
_vFiction.
_95676147
650 7 _aFICTION / Fantasy / Epic.
_2bisacsh
_95686089
655 7 _aFantasy fiction.
_2gsafd
856 4 2 _3Cover image
_uhttp://www.netread.com/jcusers2/bk1388/552/9780765378552/image/lgcover.9780765378552.jpg
999 _c199432
_d199432